000 nam a22 a 4500
999 _c56816
_d56816
003 BLK
005 20230504131059.0
008 180408b bul|||||r ||||||| ||bul||
010 _aKNG00060802000
020 _a954-07-0265-8
040 _aBLK
041 _aBUL
_cBUL
080 _aРуска литература
_b821.161.1
_x-31.09
_z821.161.1-31.09
100 1 _aЗвезданов, Николай Петров
_eпърви автор
_9364890
139 _aЗвезданов, Николай Петров
_bБ 85
245 1 0 _aВ света на "Майстора и Маргарита" на Михаил Булгаков
_bИзследване
_cНиколай Петров Звезданов.
257 _aBGR
260 _aСофия
_bУнив. изд. Св. Климент Охридски
_c1993
300 _a211 с.
_c20 см
380 _a82
500 _aОфс. изд. - 2 700 тир.
650 4 _aРуска литература
_9249426
650 4 _aРоман, руски - теми, образи, сюжети
_9287134
653 _aруска литература
653 _aромани
852 _aЦб 174580
_bЦб
856 4 _qpdf
_i0.00
_ldisable
856 4 _qpdf
_i0.00
_ldisable
942 _cKNG
_n0
_01
_s1
944 _aCR
_c13.06.2004
_kЧиталня
944 _aED
_c18.08.2015
999 _d56816
999 _d56816
999 _d56816